LEADER 01123nam a2200253 i 4500 001 000000105987 003 CaOOAMICUS 005 20021209000000.0 008 021209s1983 it u000 u ita u 013 $a78181 040 $aSeMil$bita 100 1 $aBresciani, Carlo .$0(OLS)http://semarc/name/19268 245 10$aPersonalismo e morale sessuale :$baspetti teologici e psicologici /$cCarlo Bresciani. 260 $aCasale Monferrato (AL) :$bPiemme,$c1983. 300 $a289 p. ;$c21 cm. 490 0 $aAntropologia e vita cristiana ;$v2 650 4$aMorale sessuale.$0(OLS)http://semarc/subject/3413 650 4$aPersonalismo.$0(OLS)http://semarc/subject/7982 830 0$aAntropologia e vita cristiana ;$v2.$0(OLS)http://semarc/title/8064 850 $aSeMil 852 $aSeMil$W1$xVenegono$y1$m2E II 364$j62142$B62142$CSeMilBibl$Z2$F73418 $81 961 $aOmaggio: Fumagalli don Aristide 996 $6245$aPersonalismo e morale sessuale :$baspetti teologici e psicologici$9(OLS)http://semarc/title/153594 996 $6260$aCasale Monferrato (AL) :$bPiemme$9(OLS)http://semarc/publisher/30052 LEADER 01452nam a2200277 i 4500 001 000000245069 003 CaOOAMICUS 005 20220422152431.0 008 150917s1931 it u000 u ita u 013 $a223974 040 $aSeMil$bita 245 00$aConferenze virgiliane :$btenute alla Università Cattolica del Sacro Cuore in commemorazione del bimillenario virgiliano. 264 1$aMilano :$bVita e Pensiero,$c1931. 300 $aVII, 143 p., [2] c. di tav. :$bill. ;$c26 cm. 490 1 $aPubblicazioni dell'Università cattolica del Sacro Cuore. Ser. 4, Scienze filologiche ;$v12 541 0 $aFondo card. Giovanni Colombo (3GC V 271) 650 4$aVirgilio Marone, Publio <70-19 a.C.> - Atti di congressi.$0(OLS)http://semarc/subject/25129 710 2 $aUniversità Cattolica del Sacro Cuore .$0(OLS)http://semarc/name/1672 830 0$aPubblicazioni dell'Università cattolica del Sacro Cuore. Ser. 4., Scienze filologiche ;$v12.$0(OLS)http://semarc/title/42795 850 $aSeMil 852 $aSeMil$W1$xVenegono$y1$m3GC V 271$j195415$B195415$CSeMilBibl$Z2$F206089 $8B 941 1 $a3 961 $aLascito: Colombo Card. Giovanni 996 $6245$aConferenze virgiliane :$btenute alla Università Cattolica del Sacro Cuore in commemorazione del bimillenario virgiliano$9(OLS)http://semarc/title/236006 996 $6264$aMilano :$bVita e Pensiero$9(OLS)http://semarc/publisher/29642